000 00784nam a22002415a 4500
008 170119s2016 nyua|||frb||| 001 0 eng d
020 _a1681170329
020 _a9781681170329
040 _aEG-ScBUE
_beng
_cEG-ScBUE
082 _222
_a621.042
_bWAT
245 _aWater for energy and fuel production /
_cEditor, Sidharth Saini.
260 _aValley Cottage, New York :
_bSCITUS Academics LLC,
_c2016.
300 _a313 p. :
_bill. ;
_c19 cm.
500 _aIndex : p. 311-313.
504 _aBibliography : p. 300-304.
590 _aWessam
650 7 _2BUEsh
_941772
_aWater as fuel.
650 7 _941773
_aWater
_xIndustrial applications.
_2BUEsh
651 _2BUEsh
653 _bENGPET
_cJanuary2017
700 1 _941771
_aSaini, Sidharth.
_eeditor
942 _2ddc
_e22
_k621.042 WAT
999 _c23980
_d23952